000 00727nam a2200205 i 4500
001 188327
003 SpMaBN
005 20250825210911.0
008 180807s1921 sp |||| | spa d
080 _a32 Cierva y Peñafiel, Juan de la
100 0 _aAzorín,
_d1873-1967
_924326
245 1 3 _aUn discurso de La Cierva /
_cAzorín [seud.].
260 _aMadrid :
_bRafael Caro Raggio,
_c1921.
300 _a214 p. ;
_c19 cm.
490 1 _aObras completas de Azorín ;
_v14
600 1 4 _aCierva y Peñafiel, Juan de la,
_d1864-1938
_938791
830 0 _aObras completas de Azorín ;
_v14
_9225678
852 _aES-MaACL
_jL-32228
_z. - Donat. herederos de la bibl. de Mª del Pilar Costa Palacín
999 _c188327
_d188327